Enemigos invisibles : Los invasores ocultos de su casa /
Recorrido por los distintos géneros de bacterias, gérmenes e insectos que nos acompañan en la vida cotidiana. Sus peligros e incidencias en la salud humana.
Guardado en:
| Autor Corporativo: | |
|---|---|
| Formato: | |
| Series: | Enciclopedia popular
|
| Materias: | |
| Etiquetas: |
Agregar Etiqueta
Sin Etiquetas, Sea el primero en etiquetar este registro!
|
| LEADER | 01009ngm a22002655g 4500 | ||
|---|---|---|---|
| 001 | CEM.cems022533 | ||
| 008 | 130507b2001##################0###0#####d | ||
| 005 | 20241106145606.0 | ||
| 245 | 1 | 0 | |a Enemigos invisibles : |b Los invasores ocultos de su casa / |c Sociedad Americana Microbiología. |
| 300 | |a 26'. | ||
| 490 | 0 | |a Enciclopedia popular | |
| 500 | |a En soporte VHS, consultar en ventanilla. | ||
| 520 | |a Recorrido por los distintos géneros de bacterias, gérmenes e insectos que nos acompañan en la vida cotidiana. Sus peligros e incidencias en la salud humana. | ||
| 538 | |a Soporte: VHS - Norma: PAL N - Color: SI - Grabación DRD 2001 - Hitachi=0000 | ||
| 110 | 2 | |a Sociedad Americana Microbiología. | |
| 082 | 6 | 1 | |/ SAM |
| 653 | |a MICROBIOLOGIA | ||
| 653 | |a SALUD | ||
| 653 | |a MICROBIOS | ||
| 653 | |a BACTERIAS | ||
| 653 | |a INSECTOS | ||
| 653 | |a GERMENES | ||
| 653 | |a NIVEL PRIMARIO | ||
| 653 | |a NIVEL SECUNDARIO | ||
| 859 | |a CEMS |b BIB. CEMS - Depto. Recursos Didacticos |h 612 |i SAM |k DRD |p 1176.12 |t Ej.1 | ||
